[Event "San Francisco Donaldson-ch"]
[Site "San Francisco"]
[Date "2019.12.22"]
[Round "5"]
[White "Canessa, John L"]
[Black "Wu, Rochelle"]
[Result "0-1"]
[WhiteElo "1962"]
[BlackElo "2136"]
[PlyCount "64"]
[EventDate "2019.12.21"]
[EventType "swiss"]
[EventRounds "5"]
[EventCountry "USA"]
[SourceTitle "CBM 194 Extra"]
[Source "ChessBase"]
[SourceDate "2020.03.31"]
[SourceVersion "1"]
[SourceVersionDate "2020.03.31"]
[SourceQuality "1"]

1. e4 c5 2. c3 Nf6 3. e5 Nd5 4. d4 cxd4 5. cxd4 Nc6 6. Nf3 d6 7. Bc4 Nb6 8. Bb5 d5 9. 0-0 Bg4 10. h3 Bh5 11. Nc3 e6 12. a3 Rc8 13. Bf4 a6 14. Be2 Bxf3 15. Bxf3 Nc4 16. b4 Qb6 17. Be3 Qc7 18. Na4 b5 19. Nc5 Bxc5 20. bxc5 0-0 21. Be2 Qa5 22. Qd3 Qd8 23. Qc2 Qh4 24. Rfd1 Ne7 25. Qc1 Nf5 26. Bf3 Nfxe3 27. fxe3 f6 28. exf6 Rxf6 29. Rf1 Rcf8 30. Kh2 Qg5 31. e4 Ne3 32. exd5 Rxf3 0-1

[Event "Bay Area op"]
[Site "Burlingame"]
[Date "2019.01.06"]
[Round "8"]
[White "Sarvadh, Sathiaram"]
[Black "Canessa, John L"]
[Result "0-1"]
[WhiteElo "2046"]
[BlackElo "1958"]
[PlyCount "80"]
[EventDate "2019.01.01"]
[EventType "swiss"]
[EventRounds "9"]
[EventCountry "USA"]
[SourceTitle "CBM 188 Extra"]
[Source "ChessBase"]
[SourceDate "2019.02.26"]
[SourceVersion "1"]
[SourceVersionDate "2019.02.26"]
[SourceQuality "1"]

1. e4 e5 2. Nf3 Nc6 3. Bc4 Nf6 4. Ng5 d5 5. exd5 Na5 6. Bb5+ c6 7. dxc6 bxc6 8. Bd3 Nd5 9. h4 f5 10. Qf3 Qf6 11. Nc3 Nb4 12. a3 Nxd3+ 13. Qxd3 h6 14. Nf3 e4 15. Nxe4 fxe4 16. Qxe4+ Qe6 17. Qxe6+ Bxe6 18. b4 Nb7 19. d4 a5 20. Rb1 axb4 21. axb4 Bd6 22. Bd2 Ra2 23. c3 Bd5 24. Rg1 0-0 25. Ne5 Bxe5 26. dxe5 g5 27. hxg5 hxg5 28. Be3 Rf5 29. Bd4 Nd8 30. f3 Ne6 31. Rf1 Nf4 32. Kd1 Bc4 33. Re1 Be2+ 34. Rxe2 Nxe2 35. b5 cxb5 36. Rxb5 Nxd4 37. cxd4 Rxg2 38. Rb3 g4 39. e6 Rxf3 40. Rb8+ Rf8 0-1

[Event "Bay Area op"]
[Site "Burlingame"]
[Date "2019.01.04"]
[Round "5"]
[White "Kretchetov, Alexandre"]
[Black "Canessa, John L"]
[Result "1-0"]
[WhiteElo "2241"]
[BlackElo "1958"]
[PlyCount "45"]
[EventDate "2019.01.01"]
[EventType "swiss"]
[EventRounds "9"]
[EventCountry "USA"]
[SourceTitle "CBM 188 Extra"]
[Source "ChessBase"]
[SourceDate "2019.02.26"]
[SourceVersion "1"]
[SourceVersionDate "2019.02.26"]
[SourceQuality "1"]

1. Nf3 Nf6 2. c4 e6 3. Nc3 b6 4. e4 Bb7 5. Bd3 c5 6. Bc2 Nc6 7. d4 cxd4 8. Nxd4 Nxd4 9. Qxd4 Bc5 10. Qd1 Qc7 11. Qe2 Bb4 12. Bd2 Ba6 13. Bd3 Rc8 14. Rc1 Bxc4 15. Nb5 Qe5 16. Bxb4 Qxb5 17. Bd6 Qa6 18. 0-0 Bxd3 19. Qxd3 Qb7 20. Qg3 Rg8 21. Rxc8+ Qxc8 22. Qf4 Qc6 23. Rc1 1-0

[Event "Bay Area op"]
[Site "Burlingame"]
[Date "2019.01.01"]
[Round "1"]
[White "Zhu, Jack Q"]
[Black "Canessa, John L"]
[Result "1-0"]
[WhiteElo "2364"]
[BlackElo "1958"]
[PlyCount "73"]
[EventDate "2019.01.01"]
[EventType "swiss"]
[EventRounds "9"]
[EventCountry "USA"]
[SourceTitle "CBM 188 Extra"]
[Source "ChessBase"]
[SourceDate "2019.02.26"]
[SourceVersion "1"]
[SourceVersionDate "2019.02.26"]
[SourceQuality "1"]

1. e4 e5 2. Nf3 Nc6 3. Nc3 Nf6 4. g3 Bc5 5. Bg2 d6 6. d3 h6 7. Na4 Bb6 8. 0-0 Bg4 9. h3 Bxf3 10. Qxf3 Qd7 11. Nxb6 axb6 12. a3 0-0-0 13. c4 Nd4 14. Qd1 c5 15. b4 Kc7 16. b5 g5 17. a4 Ra8 18. Bd2 g4 19. h4 Qe6 20. Kh2 Nd7 21. f3 f5 22. exf5 Qxf5 23. fxg4 Qxd3 24. a5 Qxc4 25. Rc1 Qe2 26. Rf7 Qxd1 27. Rxd1 bxa5 28. b6+ Kd8 29. g5 Ke8 30. Rdf1 a4 31. gxh6 Rf8 32. h7 Rxf7 33. h8Q+ Rf8 34. Rxf8+ Nxf8 35. Qg7 a3 36. Bg5 Nf5 37. Qxb7 1-0

[Event "Freemont Poschmann Memorial"]
[Site "Fremont"]
[Date "2009.03.21"]
[Round "2"]
[White "Iniquez Aguiar, Jo"]
[Black "Canessa, John L"]
[Result "0-1"]
[WhiteElo "1208"]
[BlackElo "1278"]
[PlyCount "58"]
[EventDate "2009.03.21"]
[EventType "swiss"]
[EventRounds "4"]
[EventCountry "USA"]
[SourceTitle "EXT 2024"]
[Source "ChessBase"]
[SourceDate "2023.10.10"]
[SourceVersion "1"]
[SourceVersionDate "2023.10.10"]
[SourceQuality "1"]

1. d4 d5 2. c4 c6 3. Nc3 Nf6 4. e3 Nbd7 5. Bd3 dxc4 6. Bxc4 b5 7. Bd3 Bb7 8. Nf3 e6 9. 0-0 Qc7 10. Ne1 Bd6 11. f4 h5 12. e4 Be7 13. e5 Nd5 14. Nf3 a6 15. Ng5 c5 16. Ne2 cxd4 17. Nxd4 Bc5 18. Ngf3 Qb6 19. Kh1 Bxd4 20. f5 Nxe5 21. fxe6 fxe6 22. Nxd4 0-0-0 23. Nxe6 Rd6 24. Nxg7 Ne3 25. Bxe3 Bxg2+ 26. Kxg2 Qb7+ 27. Kg1 Qxg7+ 28. Kh1 Qb7+ 29. Kg1 Rg8+ 0-1